Europejski Złoty But 18/19 - piłka nożna - Statystyki

Ogólne statystyki
  • Ten quiz został rozwiązany 547 razy
  • Średni wynik to 7 z 10
Statystyki odpowiedzi
Bramki Narodowość Liga Piłkarz % Poprawnych
36 Argentyna ESP Lionel Messi
100%
33 Francja FRA Kylian Mbappe
96%
22 Polska GER Robert Lewandowski
86%
22 Egipt ENG Mohamed Salah
84%
22 Senegal ENG Sadio Mane
78%
22 Polska ITA Krzysztof Piątek
75%
22 Gabon ENG Pierre-Emerick Aubameyang
71%
23 Kolumbia ITA Duvan Zapata
38%
26 Włochy ITA Fabio Quagliarella
15%
22 WKS/Francja FRA Nicolas Pepe
13%
Nie znaleziono quizów pasujących do podanych kryteriów
Rozkład punktacji
Procent ludzi z każdym wynikiem
Percentyl według liczby udzielonych odpowiedzi
Twoja historia wyników
Nie rozwiązałeś tego quizu